000 00326nam a22001337a 4500
008 181205b xxu||||| |||| 00| 0 eng d
020 _a9780124366350
041 _aeng
080 _23 TH
_a616.053
100 _a8
101 _aPED
245 _aMnual Of Pediatric Hematology And Oncology
_cPhilip.L
942 _2udc
_cBK
999 _c52882
_d52882